Natural rubber in engineering (Record no. 63537)

MARC details
000 -LEADER
fixed length control field 00298nam a2200121Ia 4500
100 ## - MAIN ENTRY--AUTHOR NAME
Personal name Lindley P B
245 #0 - TITLE STATEMENT
Title Natural rubber in engineering
260 ## - PUBLICATION, DISTRIBUTION, ETC. (IMPRINT)
Name of publisher Rubber Board Bulletin
Year of publication 1983
300 ## - PHYSICAL DESCRIPTION
Number of Pages 16-Nov
700 ## - ADDED ENTRY--PERSONAL NAME
Personal name Leaver Andrew
942 ## - ADDED ENTRY ELEMENTS (KOHA)
Koha item type Journals
Holdings
Withdrawn status Lost status Damaged status Not for loan Home library Current library Shelving location Date acquired Serial Enumeration / chronology Koha item type
      Journals RRII Library RRII Library Rubber chemistry 17/12/2021 Volume 18, Issue 3 Journals